[Event "73rd RUS-ch Higher League 2020"]
[Site "Sochi"]
[Date "2020.10.17"]
[Round "9.1"]
[White "Sakaev, Konstantin"]
[Black "Chigaev, Maksim"]
[Result "1/2-1/2"]
[WhiteElo "2596"]
[BlackElo "2598"]
[Annotator "RC"]
[PlyCount "83"]
[EventDate "2020.10.08"]
[EventType "swiss"]
[EventCountry "RUS"]
[SourceTitle "playchess.com"]
[Source "ChessBase"]
[SourceQuality "1"]
[TimeControl "40/5400+30:1800+30"]

1. d4 {[%emt 0:00:00]} Nf6 {[%emt 0:00:00]} 2. c4 {[%emt 0:00:00]} g6 {[%emt 0:00:00]} 3. Nc3 {[%emt 0:00:00]} d5 {[%emt 0:00:00]} 4. Nf3 {[%emt 0:00:14]} Bg7 {[%emt 0:00:00]} 5. Qb3 {[%emt 0:00:07]} dxc4 {[%emt 0:00:39]} 6. Qxc4 {[%emt 0:00:09]} O-O {[%emt 0:10:44]} 7. e4 {[%emt 0:00:25]} Nc6 {[%emt 0:04:26]} 8. h3 {[%emt 0:00:47]} Nd7 {[%emt 0:03:13]} 9. Be3 {[%emt 0:03:24]} Nb6 {[%emt 0:00:14]} 10. Qc5 {[%emt 0:02:57]} Nd7 {[%emt 0:05:47]} 11. Qc4 {[%emt 0:01:57]} Nb6 {[%emt 0:00:31]} 12. Qc5 {[%emt 0:00:07]} Nd7 {[%emt 0:00:05]} 13. Qg5 {[%emt 0:09:05]} Bf6 {[%emt 0:07:44]} 14. Qg3 {[%emt 0:07:56]} e5 {[%emt 0:02:03]} 15. d5 {[%emt 0:03:23]} Nd4 {[%emt 0:09:13]} 16. O-O-O Nxf3 17. gxf3 {[%emt 0:13:32]} Bh4 {[%emt 0:02:46]} 18. Qh2 {[%emt 0:01:36]} c6 {[%emt 0:04:35]} 19. f4 {[%emt 0:05:15]} exf4 {[%emt 0:01:04]} 20. Bxf4 {[%emt 0:06:50]} Qa5 {[%emt 0:02:37]} 21. Bc7 {[%emt 0:07:23]} Nb6 {[%emt 0:03:52]} 22. Kb1 {[%emt 0:09:25]} Re8 {[%emt 0:10:19]} 23. Qf4 {[%emt 0:04:13]} Bd8 {[%emt 0:00:28]} 24. Bxd8 {[%emt 0:02:47]} Rxd8 {[%emt 0:00:07]} 25. Qf6 {[%emt 0:03:40]} Re8 {[%emt 0:01:26]} 26. d6 {[%emt 0:03:05]} Be6 {[%emt 0:02:24]} 27. Qd4 {[%emt 0:01:06]} Qg5 {[%emt 0:18:37]} 28. h4 {[%emt 0:03:19]} Qf4 {[%emt 0:00:02]} 29. Qd2 {[%emt 0:01:51]} Qxd2 {[%emt 0:03:26]} 30. Rxd2 {[%emt 0:00:03]} f5 {[%emt 0:00:04]} 31. e5 {[%emt 0:02:45]} f4 {[%emt 0:01:04]} 32. Bd3 {[%emt 0:00:27]} Nd7 {[%emt 0:04:04]} 33. Re1 {[%emt 0:03:19]} f3 {[%emt 0:00:09]} 34. Re3 {[%emt 0:03:18]} Bf7 {[%emt 0:00:40]} 35. Ne4 {[%emt 0:00:30]} Kg7 {[%emt 0:00:25]} 36. Nf6 {[%emt 0:00:19]} Nxf6 {[%emt 0:00:10]} 37. exf6+ {[%emt 0:00:04]} Kxf6 {[%emt 0:00:03]} 38. Rxf3+ {[%emt 0:00:12]} Kg7 {[%emt 0:00:04]} 39. Rf4 {[%emt 0:01:00]} Rad8 {[%emt 0:00:19]} 40. Bc4 {[%emt 0:00:00]} Bxc4 {[%emt 0:00:00]} 41. Rxc4 {[%emt 0:00:16]} Rd7 {[%emt 0:01:56]} 42. Kc2 {[%emt 0:00:59]} 1/2-1/2

[Event "73rd RUS-ch Higher League 2020"]
[Site "Sochi"]
[Date "2020.10.17"]
[Round "9.2"]
[White "Goganov, Aleksey"]
[Black "Esipenko, Andrey"]
[Result "1/2-1/2"]
[WhiteElo "2573"]
[BlackElo "2682"]
[Annotator "TA"]
[PlyCount "34"]
[EventDate "2020.10.08"]
[EventType "swiss"]
[EventCountry "RUS"]
[SourceTitle "playchess.com"]
[Source "ChessBase"]
[SourceQuality "1"]

{[%evp 24,34,32,18,23,31,44,0,11,0,36,0,25]} 1. d4 Nf6 2. c4 e6 3. g3 d5 4. Nf3 Be7 5. Bg2 O-O 6. O-O dxc4 7. Ne5 Nc6 8. Bxc6 bxc6 9. Nxc6 Qe8 10. Nxe7+ Qxe7 11. Qa4 e5 12. dxe5 Qxe5 13. Qxc4 Be6 {E05: Open Catalan: 5 Nf3 Be7.} 14. Qc2 Bf5 {[#]} 15. Qc4 $146 ({Predecessor:} 15. Qd2 Bh3 16. Re1 Rad8 17. Qc3 Qd5 18. f3 Rfe8 19. Na3 Qb7 20. Nc2 Qa6 21. Be3 Nd5 22. Qc5 Rd6 23. Bf2 h6 24. Nd4 {1-0 (39) Meier,G (2628)-Dominguez Perez,L (2739) chess.com INT 2018}) 15... Be6 16. Qc2 Bf5 17. Qc4 Be6 {White got outplayed after the opening} 1/2-1/2

[Event "73rd RUS-ch Higher League 2020"]
[Site "Sochi"]
[Date "2020.10.17"]
[Round "9.4"]
[White "Lysyj, Igor"]
[Black "Artemiev, Vladislav"]
[Result "1/2-1/2"]
[WhiteElo "2593"]
[BlackElo "2716"]
[Annotator "TA"]
[PlyCount "70"]
[EventDate "2020.10.08"]
[EventType "swiss"]
[EventCountry "RUS"]
[SourceTitle "playchess.com"]
[Source "ChessBase"]
[SourceQuality "1"]

{[%evp 13,70,14,58,22,19,25,24,25,51,50,54,49,58,46,51,46,75,42,41,24,34,26,36,14,33,25,16,21,19,26,25,27,23,12,21,21,18,17,33,24,25,8,15,11,14,15,14,0,0,0,8,8,14,0,10,0,0,0,8]} 1. d4 Nf6 2. c4 g6 3. Nc3 d5 4. cxd5 Nxd5 5. Bd2 Bg7 6. e4 Nb6 7. Be3 Nc6 {[%cal Rc6d4]} 8. Bb5 {D85: Exchange Grünfeld: Unusual White 7th moves and lines with 7 Nf3.} (8. d5 $5 {[%cal Rd5c6]} Ne5 9. Bd4 $11) 8... O-O {[%cal Rc6d4]} 9. Nge2 Na5 10. b3 {White has an edge.} e5 {[#]} 11. dxe5 $146 ({Predecessor:} 11. d5 c6 12. dxc6 bxc6 13. Bd3 Qc7 14. Qc2 Be6 15. Ng3 Rfd8 16. O-O c5 17. Nb5 {0-1 (35) Bick,J (2225)-Strunk,A (2133) ICC INT 2008}) 11... a6 12. Bd3 Bxe5 13. O-O Nc6 14. Rc1 Be6 15. Bb1 Qxd1 16. Rfxd1 Rad8 17. f4 Bd6 18. Kf2 f6 19. Rxd6 Rxd6 20. Bc5 Rdd8 21. Bxf8 Kxf8 22. Ke3 Ke7 23. h3 Bf7 24. Nd1 a5 25. Nb2 Rc8 26. Nc3 Nb8 27. Bd3 N8d7 {The position is equal.} 28. Be2 c6 29. h4 Nc5 30. Nd3 (30. Rd1 {is interesting.} h5 31. g3 Ra8 32. Rd2 Be6 33. Kf2) 30... Nxd3 31. Bxd3 Ra8 32. Rb1 Nd7 33. Rc1 Nb6 34. Rb1 Nd7 35. Rc1 Nb6 {Av CentiPawn Loss W=-6/B=-5. Weighted=-7/-6} 1/2-1/2

[Event "73rd RUS-ch Higher League 2020"]
[Site "Sochi"]
[Date "2020.10.17"]
[Round "9.5"]
[White "Riazantsev, Alexander"]
[Black "Predke, Alexandr"]
[Result "0-1"]
[WhiteElo "2638"]
[BlackElo "2676"]
[Annotator "TA"]
[PlyCount "82"]
[EventDate "2020.10.08"]
[EventType "swiss"]
[EventCountry "RUS"]
[SourceTitle "playchess.com"]
[Source "ChessBase"]
[SourceQuality "1"]

{[%evp 28,82,-2,-14,-15,-13,0,-15,-5,-15,0,0,0,-15,-11,-14,-14,-21,-14,-14,-21,-19,-19,-19,-13,-16,-16,-15,0,-53,-29,-42,-41,-52,0,0,0,0,54,54,131,111,139,165,506,513,901,245,209,-259,-243,-252,-245,-737,-718,-710,-692]} 1. d4 Nf6 2. c4 e6 3. Nf3 d5 4. Nc3 Nbd7 5. cxd5 exd5 6. Bg5 Bb4 7. Qc2 O-O 8. e3 c5 9. Bd3 Qa5 10. O-O c4 11. Bf5 Re8 12. Nd2 g6 13. Bxd7 Nxd7 14. a3 Bxc3 15. bxc3 Nb6 {D38: Queen's Gambit Declined: Ragozin Defence (4 Nf3 Bb4).} 16. f3 f6 17. Bh6 Bd7 {The position is equal.} 18. h4 {[#]} Ba4 $146 ({Predecessor:} 18... Na4 19. Rfc1 Re7 20. Bf4 Rae8 21. Rab1 b5 22. e4 a6 23. Rb4 Bc6 24. Re1 dxe4 25. fxe4 {0-1 (67) Piccoli,F (2236)-Dillenburg,A (2303) ICCF email 2015}) 19. Qb2 Bc6 20. Qc2 Re6 21. Bf4 Rae8 22. Rfe1 Na4 23. Rac1 Qd8 24. Nf1 Qe7 25. Ra1 g5 26. Bg3 b5 27. Bf2 Qf7 28. Rad1 (28. Ng3 $11) 28... Qg6 29. Qc1 g4 {White must now prevent ...gxf3.} 30. Ng3 gxf3 ({Black should try} 30... Nb6 $15) 31. gxf3 $11 Kh8 32. Kh2 Rg8 (32... Qh6 $11) 33. Rg1 $14 Ree8 {[#]} (33... Nb6 $14) 34. e4 $1 $16 {[%mdl 512]} Qf7 {[%cal Rd5e4]} (34... dxe4 35. Nxe4) 35. Nf5 Qe6 $2 (35... dxe4 36. fxe4 Bd7 37. Nh6 $16) (35... Bd7) 36. Qh6 $1 $18 {Strongly threatening Rg7!} dxe4 (36... Qf7 $142 37. h5 Rg5 38. Rxg5 fxg5 39. Qxc6 {[%mdl 64] Double Attack} Qxh5+ 40. Kg2 Qg6 41. Qxg6 hxg6) 37. Ng7 $2 (37. d5 Qe5+ 38. f4 Qxf5 39. Bd4) 37... Qd6+ 38. Bg3 $4 {[%mdl 8192]} (38. Rg3 $1 $18 {was the only winning move. Rdg1 is the strong threat.} Rb8 39. Rdg1) 38... Qf8 $19 39. Nf5 Nxc3 40. Be5 $2 (40. Rde1) 40... Qxh6 41. Nxh6 Rg6 $1 {Av CentiPawn Loss W=-69/B=-38. Weighted=-75/-29} ({And not} 41... Rxg1 42. Rxg1 Rf8 {[#]} 43. Bxf6+ $1 {[%mdl 576] Deflection, Back Rank} Rxf6 44. Rg8#) ({Worse is} 41... Rgf8 42. Rg8+ $1 {[%mdl 512]} Rxg8 43. Bxf6+ Rg7 44. Rg1 $11 {[%mdl 64] Pin}) 0-1

[Event "73rd RUS-ch Higher League 2020"]
[Site "Sochi"]
[Date "2020.10.17"]
[Round "9.7"]
[White "Goryachkina, Aleksandra"]
[Black "Rakhmanov, Aleksandr"]
[Result "1/2-1/2"]
[WhiteElo "2582"]
[BlackElo "2646"]
[Annotator "TA"]
[PlyCount "130"]
[EventDate "2020.10.08"]
[EventType "swiss"]
[EventCountry "RUS"]
[SourceTitle "playchess.com"]
[Source "ChessBase"]
[SourceQuality "1"]

{[%evp 10,130,39,25,52,49,54,40,55,44,49,39,53,38,47,60,81,88,90,79,76,64,98,88,89,66,72,62,105,104,124,124,125,124,130,70,127,104,132,99,94,93,85,86,83,70,84,78,97,78,60,55,55,55,56,29,69,40,62,55,38,39,40,0,0,0,0,0,0,0,0,0,0,0,0,-20,0,0,0,0,0,0,0,-16,-4,-4,0,0,0,0,0,-9,-9,-9,0,0,0,0,0,0,0,0,0,0,0,0,0,0,0,0,0,0,0,0,0,0,0,0,0,0,0,0,0]} 1. d4 Nf6 2. c4 b6 3. Nc3 Bb7 4. Qc2 d5 5. cxd5 Nxd5 6. Nf3 g6 {A50: Queen's Fianchetto Defence (1 d4 Nf6 2 c4 b6).} 7. e4 Nxc3 8. bxc3 Bg7 {White is slightly better.} 9. Bb5+ c6 10. Bd3 O-O 11. O-O c5 {[%cal Rc5d4]} 12. d5 {[#]} Qd6 $146 ({Predecessor:} 12... Nd7 13. Bg5 Re8 14. Rad1 Qc7 15. c4 e5 16. Nd2 Nf6 17. Nb1 Rf8 18. Nc3 Ne8 19. Nb5 Qd7 {0-1 (68) Esipenko,A (2642)-Can,E (2600) Moscow 2019}) 13. Bb2 Na6 14. Qe2 Nc7 15. c4 e5 16. Bc3 Bc8 17. Qb2 {[%cal Rf3e5]} f6 18. Nd2 Bd7 {[#]} 19. f4 $1 {[%mdl 512]} Ba4 (19... exf4 20. e5) 20. fxe5 fxe5 21. Rxf8+ Rxf8 22. Rf1 (22. Nf3 $16) 22... Re8 (22... Rxf1+ $14 23. Bxf1 Ne8) 23. Be2 Re7 24. Nf3 Bd7 25. h3 Ne8 26. Bd3 Qb8 27. Ra1 Ba4 28. Ng5 Bf6 29. h4 h6 30. Nf3 Bg7 31. Rf1 Kh7 32. h5 gxh5 33. Nh4 {Hoping for Nf5.} Nd6 34. Be2 {[%mdl 1024] White has compensation.} Be8 $1 35. Qb1 Qd8 36. Qd3 Rf7 {The position is equal.} 37. Nf5 Nxf5 38. exf5 {aiming for f6+.} e4 $1 {[%cal Re4d3]} 39. Qe3 {Black must now prevent Bxg7.} Bxc3 40. Qxc3 Qg5 41. Qe5 Re7 42. Qf4 {Threatening f6.} Qxf4 43. Rxf4 $11 {[%mdl 4096] Endgame Black should prevent f6. KRB-KRB} Re5 44. d6 {And now f6 would win.} Kg8 45. Bxh5 Bd7 46. Bg6 e3 {...e2 is the strong threat.} 47. Kf1 Kg7 48. f6+ Kf8 49. Ke2 Re6 50. Bh5 Rxd6 51. Kxe3 Re6+ 52. Kd3 Rd6+ 53. Kc3 Be6 54. f7 {Strongly threatening Rf6.} Rd7 {[%cal Re6f7]} 55. Rf6 Bxf7 56. Bxf7 Rxf7 57. Rxh6 {KR-KR} Rg7 58. a4 Rg3+ 59. Kb2 Rxg2+ 60. Kb3 Rg3+ 61. Kb2 Rg4 62. Kb3 Rg1 63. Kb2 Rg5 {[#]} 64. a5 $1 {[%mdl 512]} bxa5 65. Ra6 Ke7 {Av CentiPawn Loss W=-7/B=-6. Weighted=-7/-6} 1/2-1/2

[Event "73rd RUS-ch Higher League 2020"]
[Site "Sochi"]
[Date "2020.10.17"]
[Round "9.8"]
[White "Alekseev, Evgeny"]
[Black "Khismatullin, Denis"]
[Result "0-1"]
[WhiteElo "2626"]
[BlackElo "2604"]
[Annotator "TA"]
[PlyCount "63"]
[EventDate "2020.10.08"]
[EventType "swiss"]
[EventCountry "RUS"]
[SourceTitle "playchess.com"]
[Source "ChessBase"]
[SourceQuality "1"]

{[%evp 16,63,-4,-18,0,0,0,0,14,0,7,0,-4,-1,22,7,10,15,20,-17,-18,-16,-20,-24,-36,-32,0,-5,0,-41,-43,-43,-42,-70,-14,-26,61,9,22,-32,-16,-85,-75,-81,-67,-66,-64,-70,-80,-190]} 1. c4 e5 2. Nc3 Nf6 3. Nf3 Nc6 4. d3 d5 5. cxd5 Nxd5 6. e3 Be6 7. Be2 Be7 8. O-O O-O 9. Bd2 Ndb4 $5 {[%mdl 4] A promising side line. A28: English Opening: Four Knights Variation.} 10. Qb1 a5 11. Rd1 {[#]} Kh8 $5 $146 {[%mdl 8] The position is equal. An interesting novelty.} ({Predecessor:} 11... Qd7 12. a3 Na6 13. d4 exd4 14. exd4 Bf5 15. Bd3 Bxd3 16. Qxd3 h6 17. Qb5 Rfd8 {1-0 (37) Smejkal,J (2560)-Nikolic,P (2490) Vrsac 1983}) 12. Nb5 f5 13. Bc3 Qd7 14. e4 Rad8 15. a3 Na6 16. d4 {Threatens to win with d5.} Bb3 17. Rd2 fxe4 18. Qxe4 Bd5 $36 {[%mdl 2048] Black has the initiative.} 19. Qe3 e4 $1 {[%cal Re4f3]} 20. Ne5 Qe8 21. Qg3 Bf6 22. Ng4 Bg5 23. Ne3 Bf4 24. Qh4 Rf6 (24... Ne7 $15) 25. Rdd1 ({Of course not} 25. Nxd5 Rxd5 26. Rc2 e3 $19) (25. Ng4 $5 {[%cal Rg4f6]} Rf8 26. Rdd1 $11) 25... Qe6 (25... Ne7 $1 $11) 26. Be1 (26. Nxd5 $14 Qxd5 27. Be1) 26... Ne7 $11 27. Qg4 (27. Nxd5 $11 Nxd5 28. Nc3 (28. Bxa5 g5 $15)) 27... Qf7 $15 {Hoping for ...Bxh2+!} 28. Nc3 {[#]} (28. Bxa5 $2 Rf8 $17) (28. Nxd5 $11 {keeps the balance.} Nxd5 29. g3 (29. Bxa5 Rf8 $17)) 28... Bxh2+ $1 $17 {[%mdl 512]} 29. Kxh2 {[#]} Rg6 $1 {[%cal Rg6g4]} 30. Qh4 {Black must now prevent Bh5.} Rh6 31. Qxh6 $1 gxh6 32. Rdc1 {Av CentiPawn Loss W=-19/B=-12. Weighted=-21/-13} (32. Ncxd5 $17 Nxd5 33. Nxd5 Qxd5 34. Rac1) 0-1

[Event "73rd RUS-ch Higher League 2020"]
[Site "Sochi"]
[Date "2020.10.17"]
[Round "9.9"]
[White "Pridorozhni, Aleksei"]
[Black "Lobanov, Sergei"]
[Result "0-1"]
[WhiteElo "2596"]
[BlackElo "2510"]
[Annotator "TA"]
[PlyCount "108"]
[EventDate "2020.10.08"]
[EventType "swiss"]
[EventCountry "RUS"]
[SourceTitle "playchess.com"]
[Source "ChessBase"]
[SourceQuality "1"]

{[%evp 14,108,0,-18,0,0,0,-28,0,0,0,0,0,0,0,0,0,0,0,0,0,0,0,0,9,0,21,21,22,3,9,0,9,0,0,0,0,0,0,0,6,-33,-44,-45,-46,-106,-116,-104,-101,-92,-58,-32,0,0,0,0,0,0,0,0,0,0,0,0,134,53,63,0,0,-106,-106,-98,-98,-278,-258,-251,-337,-342,-338,-322,-245,-230,-236,-4678,-2403,-5158,-5110,-5088,-5081,-29985,-29986,-29986,-29987,-29987,-29988,-29988,-29989]} 1. e4 e5 2. Nf3 Nc6 3. d4 exd4 4. Nxd4 Nf6 5. Nxc6 bxc6 6. e5 Qe7 7. Qe2 Nd5 8. h4 f6 {C45: Scotch Game.} 9. c4 Ba6 10. Rh3 Nb6 {Black has an edge.} (10... fxe5 {with more complications.} 11. Bg5 Nf6 12. Re3 O-O-O 13. Ra3 Bb7) 11. exf6 Qxe2+ 12. Bxe2 Bxc4 13. Bxc4 Nxc4 14. b3 Nb6 15. Bb2 gxf6 16. Bxf6 Rg8 17. Kf1 Nd5 {[#]} 18. Bb2 $146 ({Predecessor:} 18. Be5 d6 19. Bb2 Kd7 20. Rf3 Be7 21. Nc3 Raf8 22. Rxf8 Rxf8 23. g3 Bf6 24. Na4 {½-½ (33) Shcherbin,M (2222)-Lavrov,M (2364) Pardubice 2008}) 18... O-O-O 19. Rf3 a5 20. Nc3 Bg7 21. Nxd5 cxd5 22. Bxg7 Rxg7 $11 {[%mdl 4096] Endgame KRR-KRR} 23. Rd1 c6 24. Rd4 Kc7 25. g4 Re8 26. Rff4 Re5 27. Kg2 c5 28. Rd2 d4 29. Kg3 ({Better is} 29. g5 $15) 29... Kc6 $17 30. g5 Kd5 31. Kg4 h6 {[%cal Rh6g5]} 32. Rf5 Rxf5 33. Kxf5 hxg5 34. hxg5 $15 {KR-KR} Rf7+ 35. Kg4 Ke4 $1 {Hoping for ...d3.} 36. g6 Rf8 37. Re2+ Kd3 $1 {[%cal Rd3e2]} 38. Re5 {And now f4 would win.} d6 (38... Rxf2 $11 {keeps the balance.} 39. Rg5 (39. Rxc5 Ke4 $11) 39... Rf8) 39. Rf5 (39. Rh5 $1 $16) 39... Rd8 $1 $14 {next ...d5 is good for Black.} 40. f4 ({White should play} 40. Kg5 $1 $14 Rg8 41. Rd5) 40... Ke4 $11 41. Rf7 (41. Rh5 $1 $11 d3 42. f5) 41... d3 $17 42. Re7+ Kd4 43. Re1 $2 {[#] Now White is beyond hope.} (43. Kf3 $17 {was the only defense.} Kc3 44. Re3) 43... d5 $1 $19 {...c4 is the strong threat.} 44. f5 c4 45. bxc4 dxc4 {Strongly threatening ...c3.} 46. f6 c3 47. f7 d2 48. Rd1 {[#] aiming for g7.} Ke4 $1 49. g7 c2 50. Rxd2 c1=Q {( -> ...Qg1+)} 51. Rxd8 Qf4+ {[%mdl 64] Double Attack. Black mates.} 52. Kh5 Qxf7+ {[%mdl 64] Double Attack} 53. Kh6 Qf6+ 54. Kh7 Qh4+ {Av CentiPawn Loss W=-56/B=-28. Weighted=-41/-38} 0-1

[Event "73rd RUS-ch Higher League 2020"]
[Site "Sochi"]
[Date "2020.10.17"]
[Round "9.10"]
[White "Iljiushenok, Ilia"]
[Black "Rozum, Ivan"]
[Result "1/2-1/2"]
[WhiteElo "2515"]
[BlackElo "2566"]
[Annotator "TA"]
[PlyCount "102"]
[EventDate "2020.10.08"]
[EventType "swiss"]
[EventCountry "RUS"]
[SourceTitle "playchess.com"]
[Source "ChessBase"]
[SourceQuality "1"]

{[%evp 9,102,0,0,0,0,6,14,2,10,11,5,16,15,10,22,27,25,0,0,0,0,-16,-15,-7,0,0,0,-73,-63,-38,-49,-79,-80,-75,-73,-86,-77,-85,-85,-84,-85,-85,-78,-68,-74,-81,-72,-76,-77,-72,-75,-83,-28,-29,-31,-20,-17,-19,-21,-149,-128,-146,-168,-149,-118,-113,-111,-111,-111,-115,-105,-106,-104,-169,-172,-238,-234,-228,-95,-95,-95,-95,-98,-106,-58,-58,-58,-58,-58,-58,-65,-65,-65,-72,0]} 1. e4 c6 2. d4 d5 3. e5 c5 4. Nf3 cxd4 5. Qxd4 Nc6 6. Qf4 {B12: Caro-Kann: Advance Variation.} e6 7. Nc3 Nge7 8. Bd3 {The position is equal.} Ng6 {[#]} 9. Qg3 $146 ({Predecessor:} 9. Bxg6 hxg6 10. Bd2 Be7 11. O-O Bd7 12. a4 Nb4 13. Rfc1 Rc8 14. Be3 Rc4 15. Qg3 {0-1 (54) Moeckel,J (1661)-Neuburger,I GER email 2014}) 9... Nb4 10. h4 Nxd3+ 11. cxd3 h5 12. O-O Bd7 13. a3 Be7 {[%cal Re7h4]} 14. Bg5 Bxg5 15. hxg5 Qb6 16. Rab1 O-O-O 17. Rfc1 Kb8 18. Nxd5 {[#]} (18. Nh4 $11) 18... Qb5 $1 $36 {[%cal Rb5d5][%mdl 2048] Black is pushing.} 19. Nb4 a5 {aiming for ...h4.} 20. Nc2 Qxd3 21. Ncd4 Be8 22. Rd1 {[#]} Qe4 $1 23. Re1 Qg4 24. Rbd1 Rd5 25. Kh2 Ba4 26. b3 Bd7 27. Nc2 Rxd1 28. Rxd1 Bc6 29. Ne3 Qxg3+ 30. Kxg3 Kc7 ({Better is} 30... h4+ $17 31. Kg4 b5) 31. Nc4 $11 h4+ 32. Kh3 Nf4+ 33. Kg4 Nxg2 34. Ncd2 (34. Nd6 $11 {keeps the balance.}) 34... h3 35. Kg3 Rd8 {And now ...Bxf3 would win.} 36. Rc1 Kb8 37. Rc3 {[#]} Ne1 $1 {[%mdl 512]} 38. Kxh3 (38. Nxe1 Rxd2) 38... Rd3 39. Rxd3 Nxd3 $17 {[%mdl 4096] Endgame KBN-KNN} 40. Kg3 Bd5 41. g6 (41. Nd4 $17 {was worth a try.}) 41... fxg6 $19 42. Kg4 (42. Nd4 {is a better defense.}) 42... Nxf2+ 43. Kg5 Ne4+ (43... Ka7 $19 {is more deadly.} 44. Kxg6 Ne4 45. Kxg7 Nxd2 46. Nxd2 Kb6 47. Nc4+ Ka6) 44. Nxe4 $17 Bxe4 {KB-KN} 45. Nd4 Bf5 $1 46. b4 axb4 47. axb4 Kc7 48. Kf4 Kd7 49. Kg5 Bd3 50. Kf4 Ke7 51. Kg5 Kd7 {Av CentiPawn Loss W=-8/B=-8. Weighted=-9/-8} ({Black should play} 51... Bb1 $17) 1/2-1/2

[Event "73rd RUS-ch Higher League 2020"]
[Site "Sochi"]
[Date "2020.10.17"]
[Round "9.11"]
[White "Gaifullin, Artur"]
[Black "Sviridov, Valery"]
[Result "1/2-1/2"]
[WhiteElo "2440"]
[BlackElo "2558"]
[Annotator "RC"]
[PlyCount "90"]
[EventDate "2020.10.08"]
[EventType "swiss"]
[EventCountry "RUS"]
[SourceTitle "playchess.com"]
[Source "ChessBase"]
[SourceQuality "1"]
[TimeControl "40/5400+30:1800+30"]

1. d4 {[%emt 0:00:00]} g6 {[%emt 0:00:07]} 2. e4 {[%emt 0:00:00]} Bg7 {[%emt 0:00:17]} 3. Nc3 {[%emt 0:00:00]} a6 {[%emt 0:00:42]} 4. f4 {[%emt 0:00:00]} d6 {[%emt 0:00:20]} 5. Nf3 {[%emt 0:00:04]} b5 {[%emt 0:00:15]} 6. Bd3 {[%emt 0:00:12]} Bb7 {[%emt 0:00:12]} 7. O-O {[%emt 0:00:58]} Nd7 {[%emt 0:00:16]} 8. a4 {[%emt 0:00:13]} b4 {[%emt 0:04:37]} 9. Ne2 {[%emt 0:00:05]} c5 {[%emt 0:01:26]} 10. c3 {[%emt 0:00:05]} bxc3 {[%emt 0:03:34]} 11. bxc3 {[%emt 0:00:07]} Ngf6 {[%emt 0:00:08]} 12. e5 {[%emt 0:00:23]} Nd5 {[%emt 0:00:21]} 13. Rb1 {[%emt 0:00:31]} Qc8 {[%emt 0:07:12]} 14. Ng5 {[%emt 0:04:14]} O-O {[%emt 0:09:24]} 15. e6 {[%emt 0:01:27]} fxe6 {[%emt 0:00:37]} 16. Nxe6 {[%emt 0:00:07]} c4 {[%emt 0:00:29]} 17. Bc2 {[%emt 0:04:13]} Qc6 {[%emt 0:01:30]} 18. Rxb7 {[%emt 0:10:20]} Qxb7 {[%emt 0:00:12]} 19. Nxf8 {[%emt 0:00:03]} Rxf8 {[%emt 0:01:30]} 20. f5 {[%emt 0:01:31]} gxf5 {[%emt 0:04:11]} 21. Bxf5 {[%emt 0:01:23]} Kh8 {[%emt 0:03:42]} 22. Qe1 {[%emt 0:05:28]} Rf7 {[%emt 0:06:24]} 23. Qh4 {[%emt 0:04:54]} Nf8 {[%emt 0:01:01]} 24. Be4 {[%emt 0:24:49]} Rxf1+ {[%emt 0:00:17]} 25. Kxf1 {[%emt 0:00:01]} e6 {[%emt 0:01:01]} 26. Qh5 {[%emt 0:05:35]} Ne3+ {[%emt 0:00:52]} 27. Bxe3 {[%emt 0:00:13]} Qxe4 {[%emt 0:00:05]} 28. Kf2 {[%emt 0:01:50]} d5 {[%emt 0:08:57]} 29. Qf7 {[%emt 0:06:48]} Qh4+ {[%emt 0:03:30]} 30. Ng3 {[%emt 0:00:06]} Qf6+ {[%emt 0:02:32]} 31. Qxf6 {[%emt 0:00:19]} Bxf6 {[%emt 0:00:04]} 32. Nh5 {[%emt 0:01:26]} Bd8 {[%emt 0:01:29]} 33. Bh6 {[%emt 0:10:51]} Ng6 {[%emt 0:01:14]} 34. Ng7 {[%emt 0:06:05]} Bg5 {[%emt 0:08:52]} 35. Bxg5 {[%emt 0:00:02]} Kxg7 {[%emt 0:00:08]} 36. g4 {[%emt 0:02:09]} e5 {[%emt 0:03:13]} 37. dxe5 {[%emt 0:06:56]} Nxe5 {[%emt 0:00:06]} 38. h3 {[%emt 0:00:05]} Kf7 {[%emt 0:03:24]} 39. Ke3 {[%emt 0:00:22]} Ke6 {[%emt 0:00:18]} 40. Bf4 {[%emt 0:00:00]} Nd3 {[%emt 0:00:00]} 41. a5 {[%emt 0:06:43]} Nc5 {[%emt 0:05:52]} 42. h4 {[%emt 0:00:22]} Kf6 {[%emt 0:00:53]} 43. Bg5+ {[%emt 0:11:57]} Ke6 {[%emt 0:01:07]} 44. Bf4 {[%emt 0:03:32]} Kf6 {[%emt 0:00:20]} 45. Bg5+ {[%emt 0:00:15]} Ke5 1/2-1/2

[Event "73rd RUS-ch Higher League 2020"]
[Site "Sochi"]
[Date "2020.10.17"]
[Round "9.12"]
[White "Zabotin, Alexander"]
[Black "Sjugirov, Sanan"]
[Result "1/2-1/2"]
[WhiteElo "2486"]
[BlackElo "2675"]
[Annotator "TA"]
[PlyCount "80"]
[EventDate "2020.10.08"]
[EventType "swiss"]
[EventCountry "RUS"]
[SourceTitle "playchess.com"]
[Source "ChessBase"]
[SourceQuality "1"]

{[%evp 22,80,16,24,20,14,20,8,28,22,43,23,37,11,14,26,24,0,0,5,10,3,10,10,11,9,0,5,86,0,48,46,60,20,51,22,10,5,5,5,9,9,37,7,6,6,6,7,8,8,54,0,0,0,0,0,0,0,0,0,0]} 1. d4 Nf6 2. Nf3 d5 3. c4 e6 4. Nc3 Nbd7 5. Bg5 Bb4 6. cxd5 exd5 7. e3 c5 8. Qc2 Qa5 9. Bd3 c4 10. Bf5 O-O 11. O-O Re8 12. Nd2 {[#]} Qa6 $146 {D38: Queen's Gambit Declined: Ragozin Defence (4 Nf3 Bb4).} ({Predecessor:} 12... g6 13. Bxd7 Nxd7 14. f3 Nb6 15. e4 Bxc3 16. Qxc3 Qxc3 17. bxc3 Bd7 18. e5 Na4 19. Rfc1 b5 20. Nf1 a5 21. Ne3 Be6 22. Rab1 {1-0 (37) Matlakov,M (2710)-Alekseev,E (2623) Budva 2019}) 13. e4 dxe4 14. Ndxe4 Nxe4 15. Bxe4 {[#] Rae1 is the strong threat.} Nf8 16. Nd5 Bd6 17. b3 cxb3 18. axb3 Qb5 19. Bf4 Bxf4 20. Nxf4 Bd7 21. Rfe1 Rac8 22. Qd3 Qb4 23. Nd5 Qd6 24. Ne3 b6 (24... Qb4 $11 {keeps the balance.}) 25. Nc4 (25. Rxa7 $16 Qb4 26. Rb1) 25... Qc7 26. Ne5 Ng6 27. Nxd7 (27. f4 {looks sharper.} Re7 28. g3 Nxe5 29. fxe5 g6 30. Qe3) 27... Qxd7 28. Bf5 Rxe1+ 29. Rxe1 Re8 30. Rxe8+ Qxe8 31. g3 Qd8 32. b4 a5 33. bxa5 bxa5 34. d5 Qd6 35. Qb5 Qd8 (35... a4 {seems wilder.} 36. Qxa4 Qxd5 37. Be4 Qe5 38. h4 Nf8) 36. Bxg6 (36. Bc2 $14) 36... hxg6 $11 {The position is equal.} 37. Qc6 a4 38. d6 Kf8 $1 39. Qxa4 {[#] Strongly threatening Qc6.} Qxd6 40. Qa8+ Ke7 {Av CentiPawn Loss W=-11/B=-10. Weighted=-15/-13} 1/2-1/2